01083nas a2200229 454500001000500000005001700005008003700022003001500059040004000074080002200114245006900136022001400205264012800219310010600347505021400453041000800667100001800675650001700693650001600710650001300726856011400739172320260407193504.0260407s1995####ag###########|||spa#dAR-UNSa-BCEJYS aAR-UNSa-BCEJYSbspacAR-UNSa-BCEJYS a657xContabilidad10aContabilidad y auditoríapInvestigaciones en teoría contable a1515-2340 1aBuenos Aires :bUniversidad de Buenos Aires.Facultad de Ciencias Económicas, Sección de Investigaciones Contablesc1995 aPeriodicidad: Semestral Cambia de Director a partir del Año 22, Nº 43 por Luisa Fronti de García aContiene resultados de investigaciones realizadas por miembros de la sección, presentaciones de actividades académicas, traducciones de artículos publicados en revista especializadas en economía social aspa1 aBiondi, Mario aCONTABILIDAD aAuditoría aECONOMIA41uhttps://biblioeco.unsa.edu.ar/pmb/images/revistas/Contabilidad y Auditor?a.jpgyImagen de portadaqimage/jpeg